|
|
|
|
| LEADER |
00000cab a2200000 ar4500 |
| 001 |
vtls008957526 |
| 003 |
SK-MaSNL |
| 005 |
20260303070955.0 |
| 008 |
070321c2007 xo wr|p|||||||000 b|slo |
| 038 |
|
|
|a PPPK
|
| 040 |
|
|
|a PPPKCL
|b slo
|c PPPK
|e AACR2
|
| 041 |
0 |
|
|a slo
|
| 044 |
|
|
|a xo
|c SK
|
| 080 |
|
|
|a 342.534.1
|2 1997
|
| 080 |
|
|
|a 614.2
|2 1997
|
| 245 |
0 |
0 |
|a Chce pomáhať ľuďom ako lekár i ako poslanec
|b predstavujeme poslancov Mestského zastupiteľstva v Poprade
|c [autor] (lej)
|
| 300 |
|
|
|b Fotogr.
|
| 600 |
1 |
7 |
|a Brenišin, Peter
|2 pppkcl
|9 991852
|
| 610 |
2 |
7 |
|a Nemocnica s poliklinikou (Poprad, Slovensko)
|b Gynekologicko-pôrodnícke oddelenie
|2 pppkcl
|9 1043509
|
| 610 |
1 |
7 |
|a Poprad (Slovensko).
|b Mestské zastupiteľstvo
|2 pppkcl
|9 187158
|
| 650 |
0 |
7 |
|a poslanci mestského zastupiteľstva
|2 pppkcl
|9 885483
|
| 650 |
0 |
7 |
|a zdravotníctvo
|2 pppkcl
|9 1269
|
| 651 |
|
7 |
|a Poprad (Slovensko)
|2 pppkcl
|9 20155
|
| 773 |
0 |
|
|t Poprad : noviny občanov mesta
|g Roč. XVIII, č. 10 (2007), s. 2
|
| 852 |
|
|
|a PPPK
|b KIS3GCP
|
| 958 |
|
|
|a MI
|
| 999 |
|
|
|c 1757775
|d 1759705
|